000 004230000a22001690004500
003 MACL
005 20151230144946.0
008 151230b xxu||||| |||| 00| 0 eng d
040 _aMACL
_cMACL
041 _aEnglish
082 _a320/BAI
100 _aBailey, F G
_924967
245 _aTribe caste And nation
260 _bOxford University Press
_c1960
650 _aPolitical Science
_924968
942 _cBK
_k320/Bai
_2ddc
999 _c35186
_d35186